000 00266nam a2200097Ia 4500
008 230508s2011 xx 000 0 und d
041 _aeng
100 _aK. K. CHITKARA
245 _aCONSTRUCTION PROJECT MANAGEMANT (P. SC. &CON)
260 _bTATA MC GRAWHILL EDU
_c2011
999 _c314060
_d314060